00370nam a2200145Ia 4500003000500000008004100005020001800046040001900064082000700083100002100090245005700111260003400168300001000202546001200212STCL230729s9999 xx 000 0 und d a9780745609584 aSTCLcSTCLbEN 222 aGiddens, Anthony 0aHuman societies: an introductory reader in sociology bPolity PressaCambridgec1992 a388 p aEnglish